Pokémon - Maîtres de Zone - Dahlia (Pt/HG/SS) - Statistiques

Statistiques générales
  • Ce quiz a été pris 9 fois
  • Le résultat moyen est 32 sur 55
Statistiques - réponses
Hint Réponse % Correct
Braségali
100%
Charmina
100%
Type Combat
100%
Type Combat
100%
Type Feu
100%
Noctunoir
100%
Capacités Poing Ombre
100%
Type Psy
100%
Type Spectre
100%
Capacités Boutefeu
86%
Électhor
86%
Type Électrique
86%
Ludicolo
86%
Type Normal
86%
Talent Pression
86%
Talent Pression
86%
Type Vol
86%
Type Vol
86%
Objet Baie Sailak
71%
Talent Brasier
71%
Type Eau
71%
Capacités Feu Follet
71%
Talent Force Pure
71%
Capacités Lame d'Air
71%
Type Plante
71%
Capacités Poing-Éclair
71%
Capacités Tonnerre
71%
Capacités Tranche-Nuit
71%
Capacités Cascade
57%
Talent Glissade
57%
Capacités Psyko
57%
Capacités Psykoud'Boul
57%
Capacités Vampipoing
57%
Capacités Aurasphère
43%
Capacités Canicule
43%
Capacités Rayon Signal
43%
Talent Sérénité
43%
Capacités Ténacité
43%
Togekiss
43%
Capacités Tranch'Air
43%
Capacités Tranch'Herbe
43%
Capacités Bluff
29%
Objet Ceinture Pro
29%
Capacités Contre
29%
Capacités Danse Lames
29%
Capacités Distorsion
29%
Zone Arcade de Combat
14%
Objet Balle Fer
14%
Capacités Dégommage
14%
Titre Diva Arcade
14%
Capacités Surpuissance
14%
Capacités Ultralaser
14%
Objet Band. Pouv.
0%
Objet Herbeblanche
0%
Objet Poudreclaire
0%
Aucun quiz correspondant
Distribution des résultats
% des personnes avec chaque résultat
Percentile par nombre de réponses
Votre historique - résultats
Vous n’avez pas pris ce quiz